[Event "ABIERTO ARGENTINO"]
[Site "SchemingMind.com"]
[Date "2015.03.31"]
[Round "-"]
[White "emvarela"]
[Black "frankly"]
[Result "0-1"]
[WhiteCountry "ARG"]
[BlackCountry "ENG"]
[WhiteElo "1673"]
[WhiteRD "49"]
[BlackElo "2441"]
[BlackRD "62"]
[GameID "377295"]

1. e4 c5 2. Nf3 Nc6 3. d4 cxd4 4. Nxd4 e5 5. Nxc6 bxc6 6. Nc3 Nf6 7. Bg5 Rb8 8. b3 Bb4 9. Bxf6 Bxc3+ 10. Ke2 Qxf6
11. Rb1 Ba6+
0-1

[Event "ABIERTO ARGENTINO"]
[Site "SchemingMind.com"]
[Date "2015.03.31"]
[Round "-"]
[White "frankly"]
[Black "emvarela"]
[Result "1-0"]
[WhiteCountry "ENG"]
[BlackCountry "ARG"]
[WhiteElo "2441"]
[WhiteRD "62"]
[BlackElo "1673"]
[BlackRD "49"]
[GameID "377296"]

1. d4 Nf6 2. Nf3 d5 3. c4 c6 4. e3 e6 5. Bd3 Bb4+ 6. Bd2 Bxd2+ 7. Nbxd2 O-O 8. O-O dxc4 9. Nxc4 Nbd7 10. e4 Qc7
11. e5 Nd5 12. Bxh7+ Kxh7 13. Ng5+ Kg8 14. Qh5 N7f6 15. exf6 Nxf6 16. Qh4 Rd8 17. Rad1 c5 18. Ne5 Rxd4 19. Rxd4 cxd4 20. Nexf7
1-0

[Event "ABIERTO ARGENTINO"]
[Site "SchemingMind.com"]
[Date "2015.03.31"]
[Round "-"]
[White "emvarela"]
[Black "Chessibelle"]
[Result "1-0"]
[WhiteCountry "ARG"]
[BlackCountry "ENG"]
[WhiteElo "1673"]
[WhiteRD "49"]
[BlackElo "1236"]
[BlackRD "60"]
[GameID "377615"]

1. e4 e5 2. Nf3 Nc6 3. d4 Qf6 4. Bg5 Qe6 5. d5 Qd6 6. dxc6 Qxc6 7. Nc3 Bb4 8. Bd2 Bc5 9. Nxe5 Qf6 10. Nf3 b6
11. Nd5 Qc6 12. Ne5 Qd6 13. Bf4 Qe6 14. Nxc7+
1-0

[Event "ABIERTO ARGENTINO"]
[Site "SchemingMind.com"]
[Date "2015.03.31"]
[Round "-"]
[White "Chessibelle"]
[Black "emvarela"]
[Result "0-1"]
[WhiteCountry "ENG"]
[BlackCountry "ARG"]
[WhiteElo "1216"]
[WhiteRD "58"]
[BlackElo "1695"]
[BlackRD "49"]
[GameID "377616"]

1. Nf3 d5 2. d4 Nf6 3. e3 e6 4. Nc3 Bb4 5. Bd2 c5 6. Bb5+ Bd7 7. Bd3 Bxc3 8. Bxc3 c4 9. Be2 O-O 10. O-O Nc6
11. Re1 a5 12. b3 b5 13. Nd2 b4 14. Bb2 c3 15. Bc1 cxd2 16. Bxd2 Ne4 17. Bc1 Nc3 18. Qd2 Nxe2+ 19. Qxe2 Na7 20. g3 Bb5
21. Qf3 a4 22. Bd2 Nc6 23. e4 Nxd4 24. Qg2 Nxc2 25. Rac1 Nxe1 26. Bxe1 axb3 27. axb3 Qb6 28. Qf3 dxe4 29. Qxe4 Rfc8 30. Qf3 Bc6
31. Qg4 Bd5 32. Rb1 Ra3 33. Bd2 Rxb3 34. Re1 Rc4 35. Qg5 f6 36. Qh5 Qd8 37. Kf1 Bf3 38. Qb5 Qd3+ 39. Kg1 Kf7 40. Qb6 Bd5
41. Qa7+ Kg6 42. Bf4 Rb1 43. Rxb1 Qxb1+
0-1

[Event "ABIERTO ARGENTINO"]
[Site "SchemingMind.com"]
[Date "2015.03.31"]
[Round "-"]
[White "Chessibelle"]
[Black "frankly"]
[Result "0-1"]
[WhiteCountry "ENG"]
[BlackCountry "ENG"]
[WhiteElo "1200"]
[WhiteRD "58"]
[BlackElo "2421"]
[BlackRD "63"]
[GameID "377617"]

1. Nf3 d5 2. d4 Nf6 3. e3 e6 4. Nc3 c5 5. Be2 a6 6. O-O Qc7 7. g3 b5 8. Bd3 c4 9. Be2 Bd6 10. a3 O-O
11. b3 cxb3 12. cxb3 Qxc3 13. Bd2 Qc7 14. b4 Bb7 15. Bd3 Nbd7 16. Bc2 Nb6 17. Re1 Ne4 18. Bc1 Rfc8 19. Ra2 Nc3 20. Qd3 Nxa2
21. Qxh7+ Kf8 22. Ng5 Qc3 23. Re2 Nxc1 24. Kf1 Nxe2
0-1

[Event "ABIERTO ARGENTINO"]
[Site "SchemingMind.com"]
[Date "2015.03.31"]
[Round "-"]
[White "frankly"]
[Black "Chessibelle"]
[Result "1-0"]
[WhiteCountry "ENG"]
[BlackCountry "ENG"]
[WhiteElo "2421"]
[WhiteRD "63"]
[BlackElo "1200"]
[BlackRD "58"]
[GameID "377618"]

1. d4 d5 2. Nf3 Nf6 3. c4 Nc6 4. cxd5 Qxd5 5. Nc3 Qd8 6. e4 Bd7 7. d5 Nb4 8. a3 Na6 9. e5 Ng8 10. Bc4 g6
11. O-O Nc5 12. e6 Bc8 13. Bb5+ Nd7 14. exf7+ Kxf7 15. Ng5+ Kg7 16. Ne6+
1-0

[Event "ABIERTO ARGENTINO"]
[Site "SchemingMind.com"]
[Date "2015.04.03"]
[Round "-"]
[White "emvarela"]
[Black "Scooter"]
[Result "0-1"]
[WhiteCountry "ARG"]
[BlackCountry "USA"]
[WhiteElo "1695"]
[WhiteRD "49"]
[BlackElo "1726"]
[BlackRD "46"]
[GameID "377696"]

1. e4 c6 2. d4 d5 3. exd5 cxd5 4. c4 Nf6 5. Nc3 e6 6. Nf3 Bb4 7. a3 Bxc3+ 8. bxc3 O-O 9. cxd5 Nxd5 10. Bd3 Nf6
11. Bg5 Nbd7 12. O-O a6 13. Qc2 b5 14. Ne5 h6 15. Nxd7 Bxd7 16. Bxf6 Qxf6 17. Rad1 Bc6 18. Be4 Bxe4 19. Qxe4 Rac8 20. Rd3 Rc4
21. Qe5 Qxe5 22. dxe5 Rfc8 23. Rc1 a5 24. g3 b4 25. axb4 axb4 26. f4 Rxc3 27. Rdxc3 Rxc3 28. Rb1 b3 29. Kf1 h5 30. Ke1 Kf8
31. Kd1 f6 32. exf6 gxf6
0-1

[Event "ABIERTO ARGENTINO"]
[Site "SchemingMind.com"]
[Date "2015.04.01"]
[Round "-"]
[White "Scooter"]
[Black "emvarela"]
[Result "1/2-1/2"]
[WhiteCountry "USA"]
[BlackCountry "ARG"]
[WhiteElo "1726"]
[WhiteRD "46"]
[BlackElo "1695"]
[BlackRD "49"]
[GameID "377697"]

1. d4 c5 2. Nf3 d5 3. Bf4 Nf6 4. e3 e6 5. Be2 cxd4 6. exd4 Bd6 7. Bxd6 Qxd6 8. c3 O-O 9. O-O Nc6 10. Nbd2 a6
11. Rc1 e5 12. dxe5 Nxe5 13. Nxe5 Qxe5 14. Nf3 Qc7 15. Re1 Be6 16. Nd2 Ne4 17. Bf3 Nxd2 18. Qxd2 b5 19. Rcd1 Rad8 20. Qd4 Rd6
21. Bg4 Bxg4 22. Qxg4 Rfd8 23. Qe2 Re6 24. Qd3 Rxe1+ 25. Rxe1 Qc4 26. Qb1 g6 27. Rd1 d4 28. cxd4 Rxd4 29. Rxd4 Qxd4=
1/2-1/2

[Event "ABIERTO ARGENTINO"]
[Site "SchemingMind.com"]
[Date "2015.04.01"]
[Round "-"]
[White "Scooter"]
[Black "Chessibelle"]
[Result "1-0"]
[WhiteCountry "USA"]
[BlackCountry "ENG"]
[WhiteElo "1713"]
[WhiteRD "44"]
[BlackElo "1200"]
[BlackRD "58"]
[GameID "377698"]

1. d4 d5 2. Nf3 Nf6 3. Bf4 Nc6 4. e3 e6 5. Bb5 Bd7 6. O-O Be7 7. Nbd2 O-O 8. a3 a6 9. Bxc6 Bxc6 10. c4 b5
11. c5 Ng4 12. h3 Nf6 13. Ne5 Qb8 14. Nxc6 Qe8 15. Nxe7+ Qxe7 16. b4 c6 17. Bd6 Qd8 18. Bxf8 Kxf8 19. Qc2 g6 20. Rfd1 Nh5
21. e4 Nf4 22. Re1 Qg5 23. g3 Nxh3+ 24. Kg2 Nf4+ 25. Kf1 Qg4 26. gxf4 Qh3+ 27. Ke2 Qg4+ 28. f3 Qxf4 29. e5 h5 30. Qd3 g5
31. Qe3 Qh2+ 32. Kd3 Qh3 33. Qxg5 Re8 34. Rh1
1-0

[Event "ABIERTO ARGENTINO"]
[Site "SchemingMind.com"]
[Date "2015.04.01"]
[Round "-"]
[White "Chessibelle"]
[Black "Scooter"]
[Result "0-1"]
[WhiteCountry "ENG"]
[BlackCountry "USA"]
[WhiteElo "1200"]
[WhiteRD "58"]
[BlackElo "1713"]
[BlackRD "44"]
[GameID "377699"]

1. Nf3 Nf6 2. d4 g6 3. e3 Bg7 4. Nc3 O-O 5. Be2 b6 6. O-O Bb7 7. Bd2 d6 8. Ng5 Nbd7 9. f3 h6 10. Nh3 e5
11. a3 exd4 12. exd4 Re8 13. b4 Nd5 14. Nf4 Bxd4+ 15. Kh1 Nxc3 16. Bxc3 Bxc3 17. Rb1 Qf6 18. g3 Be5 19. Nd3 Rad8 20. Qd2 Bc3
21. Qd1 Ne5 22. Rb3 Nxd3 23. cxd3 Qe5 24. Qc2 Qxe2 25. Qc1 Bxf3+ 26. Kg1 Qg2#
0-1

[Event "ABIERTO ARGENTINO"]
[Site "SchemingMind.com"]
[Date "2015.03.31"]
[Round "-"]
[White "Scooter"]
[Black "frankly"]
[Result "0-1"]
[WhiteCountry "USA"]
[BlackCountry "ENG"]
[WhiteElo "1713"]
[WhiteRD "44"]
[BlackElo "2421"]
[BlackRD "63"]
[GameID "377700"]

1. d4 Nf6 2. Nf3 d5 3. Bf4 Bf5 4. e3 e6 5. Bd3 Ne4 6. h3 Bd6 7. Bxd6 cxd6 8. Bxe4 Bxe4 9. Nbd2 O-O 10. Nxe4 dxe4
11. Nd2 f5 12. O-O Nc6 13. a3 d5 14. c4 f4 15. exf4 Rxf4 16. cxd5 exd5 17. Nb1 Qf6 18. b4 Rf8 19. Qd2 Nxd4 20. Nc3 Rf5
21. Rad1 Nf3+ 22. gxf3 Rg5+ 23. Kh2 Qd6+ 24. Kh1 Rxf3 25. Qxg5 Rxh3+ 26. Kg1 Qh2#
0-1

[Event "ABIERTO ARGENTINO"]
[Site "SchemingMind.com"]
[Date "2015.04.01"]
[Round "-"]
[White "frankly"]
[Black "Scooter"]
[Result "1-0"]
[WhiteCountry "ENG"]
[BlackCountry "USA"]
[WhiteElo "2421"]
[WhiteRD "63"]
[BlackElo "1713"]
[BlackRD "44"]
[GameID "377701"]

1. d4 Nf6 2. Nf3 g6 3. c4 Bg7 4. Nc3 O-O 5. e4 d6 6. h3 Nbd7 7. Bg5 h6 8. Be3 Re8 9. e5 dxe5 10. dxe5 Nh7
11. e6 fxe6 12. Qc2 Ne5 13. Nxe5 Bxe5 14. Qxg6+ Bg7 15. Bxh6 Qd4 16. Qxe8+ Nf8 17. Bxg7
1-0

[Event "ABIERTO ARGENTINO"]
[Site "SchemingMind.com"]
[Date "2015.04.06"]
[Round "-"]
[White "emvarela"]
[Black "JimM"]
[Result "1-0"]
[WhiteCountry "ARG"]
[BlackCountry "USA"]
[WhiteElo "1735"]
[WhiteRD "50"]
[BlackElo "1822"]
[BlackRD "88"]
[GameID "377760"]

1. e4 e5 2. Nf3 Nc6 3. Bb5 a6 4. Bxc6 dxc6 5. O-O Qd6 6. d3 Be6 7. Nc3 O-O-O 8. Be3 f5 9. exf5 Bxf5 10. Ng5 Qg6
11. Qf3 Bd6 12. Nge4 Nh6 13. Bxh6 gxh6 14. Nxd6+ cxd6 15. Ne4 Rhg8 16. Ng3 Be6 17. Qe4 h5 18. Qxg6= hxg6 19. f4 exf4 20. Ne4 g5
21. Nf2 g4 22. Ne4 f3 23. gxf3 gxf3+ 24. Kh1 Rg2 25. Rf2 Bh3 26. Rxg2 Bxg2+ 27. Kg1 d5 28. Nc3 Rf8 29. Kf2 Re8 30. Re1 Rxe1
31. Kxe1 Kd7 32. Kf2 h4 33. Nb1 c5 34. Nd2 b5 35. Nxf3 h3 36. Ne1 c4 37. Nxg2 cxd3 38. cxd3 hxg2 39. Kxg2 Kd6 40. Kf3 Ke5
41. h4 Kf5 42. d4 a5 43. b3 b4 44. Kg3 Kg6 45. Kg4 Kf6 46. h5 Kg7 47. Kf5 Kh6 48. Ke5 Kxh5 49. Kxd5 Kg6 50. Kc6 Kf6
51. d5
1-0

[Event "ABIERTO ARGENTINO"]
[Site "SchemingMind.com"]
[Date "2015.04.06"]
[Round "-"]
[White "JimM"]
[Black "emvarela"]
[Result "1-0"]
[WhiteCountry "USA"]
[BlackCountry "ARG"]
[WhiteElo "1822"]
[WhiteRD "87"]
[BlackElo "1740"]
[BlackRD "48"]
[GameID "377761"]

1. e4 e5 2. Nf3 Nc6 3. Bb5 a6 4. Ba4 Nf6 5. O-O Bc5 6. Nxe5 Nxe5 7. d4 Nxe4 8. Re1 Be7 9. Rxe4 Ng6 10. c4 O-O
11. Nc3 d6 12. Nd5 c6 13. Nxe7+ Nxe7 14. Bg5 f6 15. Bf4 d5 16. cxd5 Nxd5 17. Bg3 Qb6 18. Bb3 Bf5 19. Re2 Kh8 20. f3 Rfe8
21. Bf2 Bd7 22. Qd3 Rxe2 23. Qxe2 Re8 24. Qd3 Nf4 25. Qc4 Be6 26. d5 cxd5 27. Qxf4 Qb5 28. Rc1 Bd7 29. h3 Bc6 30. Re1 Rxe1+
31. Bxe1 Qe2 32. Bg3 Bb5 33. Qb8+ Qe8 34. Qxb7
1-0

[Event "ABIERTO ARGENTINO"]
[Site "SchemingMind.com"]
[Date "2015.04.03"]
[Round "-"]
[White "Scooter"]
[Black "JimM"]
[Result "0-1"]
[WhiteCountry "USA"]
[BlackCountry "USA"]
[WhiteElo "1716"]
[WhiteRD "45"]
[BlackElo "1769"]
[BlackRD "80"]
[GameID "377762"]

1. d4 g6 2. Nf3 Nf6 3. Bf4 Bg7 4. e3 O-O 5. Be2 d6 6. O-O Nd5 7. Bg3 c5= 8. c3 Nd7 9. Nbd2 N7f6 10. e4 Nc7
11. h3 d5 12. Bxc7 Qxc7 13. e5 Nh5 14. Ne1 Nf4 15. Nd3 Nxe2+ 16. Qxe2 Qb6 17. dxc5 Qb5 18. b4 Bf5 19. Nf4 Qxe2 20. Nxe2 Bxe5
21. Nf3 Bg7 22. Ned4 Bd3 23. Rfe1 Rfe8 24. Rad1 Bc4 25. a3 e5 26. Ne2 Bb3 27. Rd2 Bh6 28. Rb2 Bc4 29. Rd1 Bg7 30. Nc1 Rac8
31. Nd2 Bb5 32. Ncb3 e4 33. Nd4 Ba4 34. Nf1 Bxd1
0-1

[Event "ABIERTO ARGENTINO"]
[Site "SchemingMind.com"]
[Date "2015.04.03"]
[Round "-"]
[White "JimM"]
[Black "Scooter"]
[Result "1-0"]
[WhiteCountry "USA"]
[BlackCountry "USA"]
[WhiteElo "1773"]
[WhiteRD "80"]
[BlackElo "1713"]
[BlackRD "44"]
[GameID "377763"]

1. e4 c6 2. d4 d5 3. Nc3 dxe4 4. Nxe4 Bf5 5. Ng3 Bg6 6. Nf3 Nd7 7. h4 h6 8. h5 Bh7 9. Bd3 Qc7 10. O-O Bxd3
11. Qxd3 O-O-O 12. Be3 Ngf6 13. c4 e6 14. Ne2 Bd6 15. Rfc1 Nxh5 16. d5 Ne5 17. Nxe5 Bxe5 18. Qb3 c5 19. Qa3 b6 20. Nc3 Bxc3
21. Qxc3 exd5 22. cxd5 Rxd5 23. Qc4 Rhd8 24. b4 Nf6 25. bxc5 bxc5 26. Bxc5 R8d7 27. Qa6+ Kb8 28. Rab1+ Ka8 29. Bxa7 Ra5 30. Rxc7
1-0

[Event "ABIERTO ARGENTINO"]
[Site "SchemingMind.com"]
[Date "2015.04.02"]
[Round "-"]
[White "JimM"]
[Black "Chessibelle"]
[Result "1-0"]
[WhiteCountry "USA"]
[BlackCountry "ENG"]
[WhiteElo "1773"]
[WhiteRD "80"]
[BlackElo "1200"]
[BlackRD "58"]
[GameID "377764"]

1. e4 e5 2. Nf3 Nc6 3. d4 Bb4+ 4. c3 Be7 5. d5 Nb8 6. Nxe5 f6 7. Ng4 d6 8. Nd2 Bd7 9. Nb3 b6 10. Nd4 Qc8
11. Be2 h5 12. Ne3 Nc6 13. dxc6 Be6 14. Bxh5+ Bf7 15. Bg4 Qb8 16. Bd7+ Kd8 17. Ne6+ Bxe6 18. Bxe6 Nh6 19. Nd5 Bf8 20. Qh5 a5
21. Bxh6 gxh6= 22. Qf7
1-0

[Event "ABIERTO ARGENTINO"]
[Site "SchemingMind.com"]
[Date "2015.04.02"]
[Round "-"]
[White "Chessibelle"]
[Black "JimM"]
[Result "0-1"]
[WhiteCountry "ENG"]
[BlackCountry "USA"]
[WhiteElo "1200"]
[WhiteRD "58"]
[BlackElo "1773"]
[BlackRD "80"]
[GameID "377765"]

1. Nf3 c5 2. Nc3 d5 3. d3 e6 4. Bg5 Be7 5. Bd2 Nc6 6. e4 Nf6 7. Be2 O-O 8. O-O dxe4 9. dxe4 Nd4 10. a3 e5
11. Re1 Nxe2+ 12. Qxe2 Bd6 13. g3 Bg4 14. Qe3 Nd7 15. Qd3 Qf6 16. Nh4 Rad8 17. Ng2 Nb6 18. Ne3 Be6 19. Qb5 h5 20. Qe2 h4
21. Nb5 Bb8 22. b3 hxg3 23. fxg3 g6 24. Rf1 Qh8 25. Rf2 Nd7 26. Kf1 Nf6 27. Qf3 Qh3+ 28. Ke2 Ng4 29. Rg2 Nxe3 30. Bxe3 Bg4
0-1

[Event "ABIERTO ARGENTINO"]
[Site "SchemingMind.com"]
[Date "2015.04.02"]
[Round "-"]
[White "JimM"]
[Black "frankly"]
[Result "0-1"]
[WhiteCountry "USA"]
[BlackCountry "ENG"]
[WhiteElo "1773"]
[WhiteRD "80"]
[BlackElo "2421"]
[BlackRD "63"]
[GameID "377766"]

1. e4 c5 2. Nf3 Nc6 3. Bb5 e5 4. Bxc6 bxc6 5. Nxe5 Qe7 6. Nc4 Qxe4+ 7. Ne3 d5 8. d3 Qg6 9. O-O Bd6 10. Re1 Ne7
11. Qf3 O-O 12. Nd2 f5 13. b3 f4 14. Nd1 Bg4
0-1

[Event "ABIERTO ARGENTINO"]
[Site "SchemingMind.com"]
[Date "2015.04.02"]
[Round "-"]
[White "frankly"]
[Black "JimM"]
[Result "1-0"]
[WhiteCountry "ENG"]
[BlackCountry "USA"]
[WhiteElo "2421"]
[WhiteRD "63"]
[BlackElo "1773"]
[BlackRD "80"]
[GameID "377767"]

1. d4 Nf6 2. Nf3 g6 3. c4 Bg7 4. Nc3 d6 5. e4 O-O 6. h3 e5 7. d5 Nbd7 8. Bd3 Nc5 9. Bc2 a5 10. Bg5 Qe8
11. O-O Bd7 12. Qd2 c6 13. dxc6 Bxc6 14. Bxf6 Bxf6 15. Qxd6
1-0

[Event "ABIERTO ARGENTINO"]
[Site "SchemingMind.com"]
[Date "2015.04.07"]
[Round "-"]
[White "Scooter"]
[Black "momokodesk"]
[Result "1-0"]
[WhiteCountry "USA"]
[BlackCountry "MEX"]
[WhiteElo "1716"]
[WhiteRD "45"]
[BlackElo "1344"]
[BlackRD "123"]
[GameID "377878"]

1. d4 d5 2. Nf3 e6 3. Bf4 Nf6 4. e3 c5 5. c3 Nbd7 6. Bb5 a6 7. Bxd7+ Bxd7 8. O-O Be7 9. Nbd2 O-O 10. h3 Nh5
11. Bh2 Qb6 12. Ne5
1-0

[Event "ABIERTO ARGENTINO"]
[Site "SchemingMind.com"]
[Date "2015.04.05"]
[Round "-"]
[White "momokodesk"]
[Black "Scooter"]
[Result "0-1"]
[WhiteCountry "MEX"]
[BlackCountry "USA"]
[WhiteElo "1344"]
[WhiteRD "123"]
[BlackElo "1716"]
[BlackRD "45"]
[GameID "377879"]

1. e4 c6 2. Nf3 d5 3. d3 dxe4 4. dxe4 Bg4 5. Be2 Qxd1+ 6. Bxd1 Nd7 7. Nc3 Ngf6 8. Bf4 O-O-O 9. O-O e6 10. h3 Bxf3
11. Bxf3 Nc5 12. e5 Nd5 13. Nxd5 exd5
0-1

[Event "ABIERTO ARGENTINO"]
[Site "SchemingMind.com"]
[Date "2015.04.04"]
[Round "-"]
[White "Chessibelle"]
[Black "momokodesk"]
[Result "0-1"]
[WhiteCountry "ENG"]
[BlackCountry "MEX"]
[WhiteElo "1200"]
[WhiteRD "58"]
[BlackElo "1493"]
[BlackRD "245"]
[GameID "377882"]

1. Nf3 Nf6 2. d4 d5 3. e3 e6 4. Bb5+ c6 5. Bd3 Nbd7 6. Nc3 Bd6 7. g3 O-O 8. O-O e5 9. Re1 e4 10. Be2 exf3
11. Bxf3 Re8 12. Be2 Nb6 13. b3 Bh3 14. f3 Nfd7 15. e4 Qb8 16. f4 c5 17. Bb2 cxd4 18. Qxd4 Bc5
0-1

[Event "ABIERTO ARGENTINO"]
[Site "SchemingMind.com"]
[Date "2015.04.04"]
[Round "-"]
[White "momokodesk"]
[Black "Chessibelle"]
[Result "0-1"]
[WhiteCountry "MEX"]
[BlackCountry "ENG"]
[WhiteElo "1344"]
[WhiteRD "123"]
[BlackElo "1236"]
[BlackRD "60"]
[GameID "377883"]

1. e4 e5 2. Nf3 Nc6 3. Bb5 d6 4. O-O Nf6 5. Re1 Be7 6. h3 Bd7 7. c3 a6 8. Ba4 O-O 9. d4 b5 10. Bc2 g6
11. dxe5 dxe5 12. Bg5 Qb8 13. Bxf6 Bxf6 14. Qxd7 Qb6 15. Qg4 Rad8 16. Qg3 Ne7 17. Nh2 b4 18. b3 Qc6 19. Ng4 Qc5 20. Nxf6+ Kh8
21. Qh4 h5
0-1

[Event "ABIERTO ARGENTINO"]
[Site "SchemingMind.com"]
[Date "2015.04.04"]
[Round "-"]
[White "frankly"]
[Black "momokodesk"]
[Result "1-0"]
[WhiteCountry "ENG"]
[BlackCountry "MEX"]
[WhiteElo "2441"]
[WhiteRD "62"]
[BlackElo "1344"]
[BlackRD "123"]
[GameID "377884"]

1. d4 d5 2. Nf3 e6 3. Bf4 Nf6 4. e3 Nbd7 5. c4 c6 6. h3 Ne4 7. Nbd2 Bb4 8. a3 Nxd2 9. Nxd2 Be7 10. Qc2 O-O
11. Bd3 Nf6 12. O-O Bd6 13. Bxd6 Qxd6 14. c5
1-0

[Event "ABIERTO ARGENTINO"]
[Site "SchemingMind.com"]
[Date "2015.04.04"]
[Round "-"]
[White "momokodesk"]
[Black "frankly"]
[Result "0-1"]
[WhiteCountry "MEX"]
[BlackCountry "ENG"]
[WhiteElo "1344"]
[WhiteRD "123"]
[BlackElo "2441"]
[BlackRD "62"]
[GameID "377885"]

1. e4 c5 2. Nf3 Nc6 3. d4 cxd4 4. Nxd4 e5 5. Nf3 Bc5 6. Bb5 Nf6 7. Nc3 O-O 8. O-O a6 9. Ba4 h6 10. Re1 Ng4
11. Be3 Nxe3 12. fxe3 b5 13. Bb3 d6
0-1

[Event "ABIERTO ARGENTINO"]
[Site "SchemingMind.com"]
[Date "2015.04.06"]
[Round "-"]
[White "Scooter"]
[Black "ldittmerm"]
[Result "1-0"]
[WhiteCountry "USA"]
[BlackCountry "BRA"]
[WhiteElo "1716"]
[WhiteRD "45"]
[BlackElo "1099"]
[BlackRD "130"]
[GameID "377914"]

1. d4 c6 2. Nf3 Nf6 3. Bf4 g6 4. e3 Bg7 5. Be2 O-O 6. O-O d5 7. Nbd2 Nbd7 8. h3 b6 9. Ne5 Nh5 10. Bxh5 b5
11. Nxc6 Qb6 12. Nxe7+ Kh8 13. Nxd5
1-0

[Event "ABIERTO ARGENTINO"]
[Site "SchemingMind.com"]
[Date "2015.04.05"]
[Round "-"]
[White "ldittmerm"]
[Black "Scooter"]
[Result "0-1"]
[WhiteCountry "BRA"]
[BlackCountry "USA"]
[WhiteElo "1099"]
[WhiteRD "130"]
[BlackElo "1716"]
[BlackRD "45"]
[GameID "377915"]

1. d4 Nf6 2. Nf3 g6 3. g3 Bg7 4. Bg2 O-O 5. O-O d6 6. c3 Bg4 7. b4 c6 8. Nbd2 Nbd7 9. a4 Bxf3 10. Bxf3 e5
11. d5 cxd5 12. Nb3 Rc8 13. Na5 b6
0-1

[Event "ABIERTO ARGENTINO"]
[Site "SchemingMind.com"]
[Date "2015.04.04"]
[Round "-"]
[White "Chessibelle"]
[Black "ldittmerm"]
[Result "1-0"]
[WhiteCountry "ENG"]
[BlackCountry "BRA"]
[WhiteElo "1236"]
[WhiteRD "60"]
[BlackElo "1099"]
[BlackRD "130"]
[GameID "377918"]

1. Nf3 c6 2. d4 Nf6 3. Nc3 g6 4. e3 Bg7 5. g3 O-O 6. Be2 b5 7. b4 a6 8. O-O d5 9. Bd3 Nbd7 10. Ne2 Bb7
11. c3 Ng4 12. Qd2 e6 13. e4 Ndf6 14. Ng5 a5 15. f3 axb4 16. cxb4
1-0

[Event "ABIERTO ARGENTINO"]
[Site "SchemingMind.com"]
[Date "2015.04.04"]
[Round "-"]
[White "ldittmerm"]
[Black "Chessibelle"]
[Result "0-1"]
[WhiteCountry "BRA"]
[BlackCountry "ENG"]
[WhiteElo "1099"]
[WhiteRD "130"]
[BlackElo "1236"]
[BlackRD "60"]
[GameID "377919"]

1. d4 d5 2. Nf3 Nf6 3. g3 e6 4. Bg2 Nc6 5. O-O Bd7 6. c3 a6 7. b4 Be7 8. a4 b5 9. axb5 axb5 10. Bb2 g6
11. Nfd2 O-O 12. Nf3 Bd6 13. Nbd2 Ne7 14. Nh4 e5 15. dxe5 Bxe5 16. Ndf3 Bd6
0-1

[Event "ABIERTO ARGENTINO"]
[Site "SchemingMind.com"]
[Date "2015.04.04"]
[Round "-"]
[White "frankly"]
[Black "ldittmerm"]
[Result "1-0"]
[WhiteCountry "ENG"]
[BlackCountry "BRA"]
[WhiteElo "2421"]
[WhiteRD "63"]
[BlackElo "1332"]
[BlackRD "226"]
[GameID "377920"]

1. d4 c6 2. Nd2 Nf6 3. e4 g6 4. e5 Nd5 5. Ne4 Bg7 6. Nf3 O-O 7. c4 b5 8. cxd5 cxd5 9. Nc3 d6 10. Bxb5 a6
11. Be2 Bb7 12. Qb3 Qc7 13. Nxd5 Qc6 14. Nxe7+
1-0

[Event "ABIERTO ARGENTINO"]
[Site "SchemingMind.com"]
[Date "2015.04.04"]
[Round "-"]
[White "ldittmerm"]
[Black "frankly"]
[Result "0-1"]
[WhiteCountry "BRA"]
[BlackCountry "ENG"]
[WhiteElo "1099"]
[WhiteRD "130"]
[BlackElo "2441"]
[BlackRD "62"]
[GameID "377921"]

1. d4 Nf6 2. Nf3 d5 3. g3 c5 4. Bg2 cxd4 5. Nxd4 e5 6. O-O exd4 7. Qxd4 Nc6 8. Qa4 Bd7 9. c3 h6 10. c4 Rc8
11. cxd5 Nb4 12. Qxa7 Nc2 13. e4 Bc5 14. Qxb7 Rb8 15. Qa6 Bb5 16. Qe6+ fxe6 17. Bf4 Bxf1 18. Bxf1 Bxf2+ 19. Kxf2 Nxe4+
0-1

[Event "ABIERTO ARGENTINO"]
[Site "SchemingMind.com"]
[Date "2015.04.11"]
[Round "-"]
[White "emvarela"]
[Black "kenneth m day"]
[Result "0-1"]
[WhiteCountry "ARG"]
[BlackCountry "USA"]
[WhiteElo "1735"]
[WhiteRD "50"]
[BlackElo "1662"]
[BlackRD "51"]
[GameID "378024"]

1. e4 e5 2. Nf3 Nc6 3. Bb5 f5 4. Bxc6 dxc6 5. Nc3 Nf6 6. exf5 Bd6 7. d3 Bxf5 8. Bg5 O-O 9. Qd2 Qe7 10. Ne4 Bxe4
11. Bxf6 Rxf6 12. Qe3 Bg6 13. O-O-O b6 14. Rhe1 Re8 15. g4 Bc5 16. Qe2 Bd6 17. Nh4 Re6 18. Nxg6 Rxg6 19. h4 Qxh4 20. Rg1 Qg5+
21. Kb1 Rge6 22. Rg3 e4 23. Re3 Bf4 24. Rxe4 Rxe4 25. dxe4 Qe5 26. f3 Rf8 27. Qc4+ Kh8 28. Qxc6 h6 29. Rd5 Qe7 30. Rd7 Qh4
31. a3 Qh1+ 32. Ka2 Qxf3 33. Qg6 Be5 34. g5 hxg5 35. Qxg5 Qf6
0-1

[Event "ABIERTO ARGENTINO"]
[Site "SchemingMind.com"]
[Date "2015.04.11"]
[Round "-"]
[White "kenneth m day"]
[Black "emvarela"]
[Result "1-0"]
[WhiteCountry "USA"]
[BlackCountry "ARG"]
[WhiteElo "1685"]
[WhiteRD "50"]
[BlackElo "1722"]
[BlackRD "46"]
[GameID "378025"]

1. e4 e5 2. f4 exf4 3. Nf3 Nf6 4. e5 Ne4 5. d3 Nc5 6. Bxf4 d6 7. Nc3 Bg4 8. Be2 dxe5 9. Bxe5 Nc6 10. Bg3 Bd6
11. Qd2 Bxg3+ 12. hxg3 Qd7 13. Qe3+ Ne6 14. O-O-O O-O-O 15. Rh4 Bxf3 16. Bxf3 h6 17. Ra4 Ned4 18. Bxc6 Nxc6 19. Qc5 Qd6 20. Qc4 Qxg3
21. Qxf7 Rhf8 22. Qe6+ Kb8 23. Qe4 Rde8 24. Qd5 Re5 25. Qd7 Rd8 26. Qg4 Qxg4 27. Rxg4 g5 28. Rh1 Rh8 29. Ne4 Nd4 30. Nxg5 Ne2+
31. Kd2 Re7 32. Ne4 Nd4 33. Rh5 Nc6 34. Rg6 a6 35. Rgxh6 Rxh6 36. Rxh6 Nb4 37. a3 Nd5 38. Rh1 Rg7 39. Rg1 Nf4 40. g4 Nh3
41. Rg3 Ng5 42. Ke3 Nxe4 43. dxe4 c6 44. g5 Kc7 45. Kf4 Kd6 46. Kf5 Ke7 47. g6 Rg8 48. Kg5 Ke6 49. Kf4 Kf6 50. e5+ Ke6
51. Rg5 b5 52. Kg4 c5 53. Kf4 Rf8+ 54. Kg4 Rg8 55. Kh4 Rh8+ 56. Rh5 Rg8 57. Kg5 Kxe5 58. Rh7 a5 59. g7
1-0

[Event "ABIERTO ARGENTINO"]
[Site "SchemingMind.com"]
[Date "2015.04.07"]
[Round "-"]
[White "Scooter"]
[Black "kenneth m day"]
[Result "1-0"]
[WhiteCountry "USA"]
[BlackCountry "USA"]
[WhiteElo "1726"]
[WhiteRD "46"]
[BlackElo "1733"]
[BlackRD "54"]
[GameID "378026"]

1. d4 d6 2. Nf3 Nf6 3. Bf4 g6 4. e3 Bg7 5. Be2 O-O 6. O-O Nbd7 7. Nbd2 b6 8. h3 Bb7 9. c4 Re8 10. Rc1 Nh5
11. Bh2 e5 12. dxe5 dxe5 13. Ne1 Nhf6 14. b3 Nc5 15. Ndf3 Nfd7 16. Bg3 Ne4 17. Bh2 f5 18. Qc2 Ndc5 19. Rd1 Qe7 20. Nd3 Nxd3
21. Bxd3 Rad8 22. Nd2 Qg5 23. Nxe4 fxe4 24. Bxe4 Bc8 25. Bg3 h5 26. Bxg6 Rf8 27. Rxd8 Rxd8 28. Bh7+ Kh8 29. Qe4 Rf8 30. Qg6 Qe7
31. Qxh5 Rf6 32. Bxe5 Rh6 33. Qxh6 Qxe5 34. Qg6 Bd7 35. Rd1 Be8 36. Rd8 Qa1+ 37. Kh2 Be5+ 38. f4
1-0